Un arte abyecto : Ensayo sobre el gobierno de la penalidad /

Guardado en:
Autor Principal: Pavarini, Massimo
Formato: Desconocido
Idioma:Spanish
Publicado: Buenos Aires : Ad-Hoc, 2006
Edición:1a. ed.
Series:Colección criminologías ; IV
Materias:
Etiquetas: Agregar Etiqueta
Sin Etiquetas, Sea el primero en etiquetar este registro!
LEADER 00878nac a22001935a 4500
001 DER.der003345
008 180615s2006####ag#||||||||||||||#||spa||
005 20241018122828.0
245 1 0 |a Un arte abyecto :  |b Ensayo sobre el gobierno de la penalidad /  |c Massimo Pavarini. 
250 |a 1a. ed. 
260 |a Buenos Aires :  |b Ad-Hoc,  |c 2006 
300 |a 320 p. 
490 1 |a Colección criminologías ;  |v IV 
505 0 |a El orden carcelario -- El orden injustificable -- Soñar el desorden -- El grotesco de la penología contemporánea -- La ronda penitenciaria -- Cien años de sufrimiento -- Más allá de la penalidad: seguridad frente al delito -- Por una política democrática del gobierno de la seguridad -- Cómo resistir 
020 |a 9508945826 
100 1 |a Pavarini, Massimo 
082 0 4 |a 364  |2 21 
650 7 |a CRIMINOLOGÍA 
859 |a DERECHO  |b BIB. DERECHO  |h 364  |i PAV  |k 2.05  |p 005174  |t 1